Statistics for AP Human Geo Countries Quiz (READ DESCRIPTION)

Click here to take the quiz!

General Stats

  • This quiz has been taken 33 times
  • The average score is 83 of 100

Answers on the Map

Answers color-coded by a green-red scale on the quiz's map according to % correct below.
 

Answer Stats

Country% Correct
Chile
97%
Argentina
93%
Canada
93%
China
93%
India
93%
Mexico
93%
Russia
93%
United States
93%
Australia
90%
Brazil
90%
France
90%
Germany
90%
Japan
90%
Pakistan
90%
Peru
90%
South Sudan
90%
United Kingdom
90%
Bolivia
87%
Chad
87%
Colombia
87%
Costa Rica
87%
Ecuador
87%
Egypt
87%
Finland
87%
Indonesia
87%
Iran
87%
Italy
87%
Morocco
87%
Nepal
87%
North Korea
87%
Poland
87%
Saudi Arabia
87%
South Africa
87%
South Korea
87%
Sudan
87%
Sweden
87%
Ukraine
87%
Venezuela
87%
Afghanistan
83%
Algeria
83%
Bangladesh
83%
Croatia
83%
Czech Republic
83%
Ethiopia
83%
Guatemala
83%
Honduras
83%
Iraq
83%
Libya
83%
Mali
83%
New Zealand
83%
Nicaragua
83%
Norway
83%
Panama
83%
Paraguay
83%
Portugal
83%
Spain
83%
Thailand
83%
Turkey
83%
Uruguay
83%
Vietnam
83%
Angola
80%
Belize
80%
Central African Republic
80%
Democratic Republic
of the Congo
80%
El Salvador
80%
Greece
80%
Israel
80%
Niger
80%
Nigeria
80%
Oman
80%
Philippines
80%
Republic of the Congo
80%
Slovakia
80%
Somalia
80%
Taiwan
80%
Yemen
80%
Bosnia and
Herzegovina
77%
Eritrea
77%
Ireland
77%
Lesotho
77%
Mauritania
77%
Namibia
77%
Serbia
77%
Sri Lanka
77%
Syria
77%
Tunisia
77%
Uganda
77%
Albania
73%
Belgium
73%
Bhutan
73%
Jordan
73%
Kuwait
73%
Lebanon
73%
Madagascar
73%
Netherlands
73%
Rwanda
73%
Senegal
73%
Liberia
70%
Slovenia
70%
Singapore
60%

Score Distribution

Percentile by Number Answered

Percent of People with Each Score

Your Score History

You have not taken this quiz